LEADER 00944nam0-22003371i-450- 001 990003980970403321 005 20031120133608.0 010 $a0-13-032550-3 035 $a000398097 035 $aFED01000398097 035 $a(Aleph)000398097FED01 035 $a000398097 100 $a20031120d2001----km-y0itay50------ba 101 0 $aeng 102 $aUS 105 $aa---a---001yy 200 1 $aLabView student edition 6i$fRobert H. Bishop 210 $aUpper Saddle River [N.J.]$cPrentice Hall$dc2001 215 $axiii, 505 p.$cill.$d24 cm$ecd rom 610 0 $aGrafica per computer 610 0 $aLabView 610 0 $aElaborazione del segnale$atecniche digitali 676 $a006 700 1$aBishop,$bRobert H.$0149826 801 0$aIT$bUNINA$gRICA$2UNIMARC 901 $aBK 912 $a990003980970403321 952 $a006-BIS-(2$b1651$fSC1 959 $aSC1 996 $aLabView student edition 6i$9473692 997 $aUNINA LEADER 01372nam0-2200481---450- 001 990000061480203316 005 20000427 010 $a0-201-36048-9 035 $a0006148 035 $aUSA010006148 035 $a(ALEPH)000006148USA01 035 $a0006148 100 $a20000427d1999----|||y0itay0103----ba 101 0 $aeng 102 $aGB 105 $a||||||||001yy 200 1 $aMulti-agent systems$ean introduction to distributed artificial intelligence$fJacques Ferber 210 $aXVIII, 509 p.$c24 cm 215 $aXVIII, 509 p.$d24 cm 610 $aIntelligenza artificiale 676 $a006. 3 700 1$aFERBER,$bJacques$0622171 801 $aIT$bSALBC$gISBD 912 $a990000061480203316 951 $a006. 3 FER$b13735 Ing.$c006. 3$d00000080 959 $aBK 979 $c20000914$lUSA01$h1728 979 $c20001019$lUSA01$h1055 979 $c20001019$lUSA01$h1453 979 $c20001019$lUSA01$h1500 979 $c20001019$lUSA01$h1538 979 $c20001024$lUSA01$h1513 979 $c20001027$lUSA01$h1518 979 $c20001027$lUSA01$h1522 979 $c20001110$lUSA01$h1709 979 $c20001124$lUSA01$h1207 979 $c20020403$lUSA01$h1613 979 $aPATRY$b90$c20040406$lUSA01$h1605 996 $aMulti-agent systems$91105003 997 $aUNISA DB $aUSA01 SYS ID$a6148 bas $atec